header

Understanding the community management of high risk offenders (Record no. 6447)

MARC details
000 -LEADER
fixed length control field 01489nam a2200385Ia 4500
001 - CONTROL NUMBER
control field ebr10274039
003 - CONTROL NUMBER IDENTIFIER
control field CaPaEBR
006 - FIXED-LENGTH DATA ELEMENTS--ADDITIONAL MATERIAL CHARACTERISTICS--GENERAL INFORMATION
fixed length control field m u
007 - PHYSICAL DESCRIPTION FIXED FIELD--GENERAL INFORMATION
fixed length control field cr cn|||||||||
008 - FIXED-LENGTH DATA ELEMENTS--GENERAL INFORMATION
fixed length control field 080715s2008 enk sb 001 0 eng d
020 ## - INTERNATIONAL STANDARD BOOK NUMBER
Cancelled/invalid ISBN 9780335219995
Cancelled/invalid ISBN 0335219993
Cancelled/invalid ISBN 0335219985
Cancelled/invalid ISBN 9780335219988
040 ## - CATALOGING SOURCE
Original cataloging agency CaPaEBR
Transcribing agency CaPaEBR
035 ## - SYSTEM CONTROL NUMBER
System control number (OCoLC)646793997
050 14 - LIBRARY OF CONGRESS CALL NUMBER
Classification number HV6556
Item number .K46 2008eb
100 1# - MAIN ENTRY--PERSONAL NAME
Personal name Kemshall, Hazel,
Dates associated with a name 1958-
245 10 - TITLE STATEMENT
Title Understanding the community management of high risk offenders
Medium [electronic resource] /
Statement of responsibility, etc Hazel Kemshall.
260 ## - PUBLICATION, DISTRIBUTION, ETC. (IMPRINT)
Place of publication, distribution, etc Maidenhead ;
-- New York :
Name of publisher, distributor, etc Open University Press,
Date of publication, distribution, etc c2008.
300 ## - PHYSICAL DESCRIPTION
Extent xiv, 170 p.
490 1# - SERIES STATEMENT
Series statement Crime and justice
504 ## - BIBLIOGRAPHY, ETC. NOTE
Bibliography, etc Includes bibliographical references (p. [136]-163) and index.
533 ## - REPRODUCTION NOTE
Type of reproduction Electronic reproduction.
Place of reproduction Palo Alto, Calif. :
Agency responsible for reproduction ebrary,
Date of reproduction 2009.
Note about reproduction Available via World Wide Web.
-- Access may be limited to ebrary affiliated libraries.
650 #0 - SUBJECT ADDED ENTRY--TOPICAL TERM
Topical term or geographic name as entry element Sex offenders.
Topical term or geographic name as entry element Sex crimes
General subdivision Risk assessment.
Topical term or geographic name as entry element Sex offenders
General subdivision Rehabilitation.
Topical term or geographic name as entry element Sex crimes
General subdivision Prevention.
Topical term or geographic name as entry element Sex offenders
General subdivision Mental health.
Topical term or geographic name as entry element Sex offenders
General subdivision Mental health services.
655 #7 - INDEX TERM--GENRE/FORM
Genre/form data or focus term Electronic books.
Source of term local
710 2# - ADDED ENTRY--CORPORATE NAME
Corporate name or jurisdiction name as entry element ebrary, Inc.
830 #0 - SERIES ADDED ENTRY--UNIFORM TITLE
Uniform title Crime and justice (Buckingham, England)
856 40 - ELECTRONIC LOCATION AND ACCESS
Uniform Resource Identifier <a href="http://site.ebrary.com/lib/rucke/Doc?id=10274039">http://site.ebrary.com/lib/rucke/Doc?id=10274039</a>
Public note An electronic book accessible through the World Wide Web; click to view

No items available.

© 2026 Rongo University
Contact us: librarian | system librarian | Rongo university